| 000 | 00735nam a22001937a 4500 | ||
|---|---|---|---|
| 005 | 20160209110009.0 | ||
| 010 | _a1516EN07 B-608491-523 ENG-114721 | ||
| 020 |
_a9789351470991 _c450.00 |
||
| 035 | _aEN-98253 | ||
| 037 |
_bAsian Book Centre/Ven _adpl |
||
| 037 | _bDBAB/PUB | ||
| 082 | _a621 | ||
| 245 | 0 | 0 |
_aPractice book for mechanical engineering : _bGATE 2016 : 2000 questions with complete explanations |
| 260 |
_aNew Delhi _bMade Easy Publications _c2015(repr.) |
||
| 270 |
_a44-A/1, Kalu Sarai _bNew Delhi _e110016 |
||
| 300 |
_a583p.: _c28cm(pbk) _bill. |
||
| 942 |
_2ddc _cEN _h621 _mPRA |
||
| 999 |
_c95694 _d95694 |
||